000 00394nam a2200157Ia 4500
008 230917s9999||||xx |||||||||||||| ||und||
040 _e217968
_aMAIN
041 _aEnglish
082 _a658.8 B751C(2)
100 _aBrennan, Ross
245 0 _aBusiness-to-business marketing
250 _a2nd ed.
260 _aLos Angeles
_bSage Publicaions
_c2011
300 _axxi, 386 p.
942 _cBK
999 _c177391
_d177391